000 00262nam a2200097Ia 4500
001 1045130
005 20250826232153.0
008 250824s9999 xx 000 0 und d
245 0 _aABDÜLHAMİDİN KURTLARLA DANSI 2
_cMUSTAFA ARMAĞAN
260 _bKETEBE YAYINLARI
999 _c1045130
_d1045130